000 00412nam a2200133 4500
999 _c6205
_d6205
008 170215b xxu||||| |||| 00| 0 eng d
082 _aDPer 910.5 T69 Jan-Aug 2015 v. 1-4
245 _aMake the grade.
260 _aPhilippines:
_bOne Mega Group,
_c©2015.
300 _av1, page 114:
_biIllustrations;
_c28 cm.
500 _aTravel Now.
650 0 _918757
_aHospitality industry
_xEducation
942 _2ddc
_cPER